Stacje i przystanki osobowe PKP PLK w opolskim - Statystyki

Ogólne statystyki
  • Ten quiz został rozwiązany 38 razy
  • Średni wynik to 32 z 118
Statystyki odpowiedzi
Stacja % Poprawnych
Opole Główne
89%
Brzeg
84%
Nysa
84%
Kędzierzyn-Koźle
79%
Kluczbork
79%
Opole Zachodnie
74%
Strzelce Opolskie
68%
Głucholazy
63%
Lewin Brzeski
63%
Opole Wschodnie
63%
Prudnik
63%
Kędzierzyn-Koźle Azoty
58%
Opole Groszowice
58%
Opole Grotowice
58%
Otmuchów
58%
Paczków
58%
Głogówek
53%
Namysłów
53%
Zdzieszowice
53%
Dąbrowa Niemodlińska
47%
Głuchołazy Miasto
47%
Gogolin
47%
Nysa Wschodnia
47%
Opole Czarnowąsy
47%
Chróścina Opolska
42%
Jełowa
42%
Lipki
42%
Olesno Śląskie
42%
Zawadzkie
42%
Byczyna Kluczborska
37%
Fosowskie
37%
Kędzierzyn-Koźle Przystanek
37%
Kolonowskie
37%
Łosiów
37%
Opole Borki
37%
Opole Chmielowice
37%
Ozimek
37%
Raszowa
37%
Tułowice
37%
Chrząstowice
32%
Górażdże
32%
Jasiona
32%
Kędzierzyn-Koźle Zachodnie
32%
Przecza
32%
Tarnów Opolski
32%
Twardawa
32%
Dobrzeń Wielki
26%
Komprachcice
26%
Krasiejów
26%
Łambinowice
26%
Nowy Świętów
26%
Opole Gosławice
26%
Przywory Opolskie
26%
Racławice Śląskie
26%
Suchy Bór Opolski
26%
Szydłów
26%
Szymiszów
26%
Wołczyn
26%
Bierawa
21%
Błotnica Strzelecka
21%
Dębska Kuźnia
21%
Kały
21%
Kotórz Mały
21%
Osowiec Śląski
21%
Otmice
21%
Otmuchów Jezioro
21%
Stare Olesno
21%
Szydłów Centrum
21%
Dziergowice
16%
Goświnowice
16%
Kubice
16%
Mańkowice
16%
Pokrzywnica
16%
Sławięcice
16%
Sowin
16%
Tuły
16%
Bąków
11%
Borkowice
11%
Chróścice
11%
Domaszowice
11%
Goszczowice
11%
Grodków Śląski
11%
Jasienica Dolna
11%
Karłowice
11%
Laskowice Oleskie
11%
Myśliczyn
11%
Nowy Las
11%
Osowiec Przystanek
11%
Pludry
11%
Staniszcze Małe
11%
Szybowice
11%
Wójcice
11%
Wyszków Śląski
11%
Budziszowice
5%
Bukowo
5%
Chróścina Nyska
5%
Dytmarów
5%
Gręboszów
5%
Kostów
5%
Lipowa Śląska
5%
Mąkoszyce
5%
Olszanka
5%
Pakosławice
5%
Popielów
5%
Rogalice
5%
Skoroszyce
5%
Smardy
5%
Sowczyce
5%
Stary Grodków
5%
Wierzbica Górna
5%
Wilków Namysłowski
5%
Biskupice koło Kluczborka
0%
Borucice
0%
Czerska Wieś
0%
Janinów
0%
Jaworzno koło Wielunia
0%
Krzywizna
0%
Tarnowiec Brzeski
0%
Nie znaleziono quizów pasujących do podanych kryteriów
Rozkład punktacji
Procent ludzi z każdym wynikiem
Percentyl według liczby udzielonych odpowiedzi
Twoja historia wyników
Nie rozwiązałeś tego quizu